000 02261nam a2200421 c 4500
001 52865
003 ES-MaCES
005 20250203133332.0
008 230831s2023 uk | 000 ||eng d
020 _a9781108445917 (paperback)
040 _aES-MaCES
_bspa
_cES-MaCES
100 1 _940760
_aMarhold, Anna-Alexandra
245 1 0 _aEnergy in international trade law
_b: concepts, regulation and changing markets
_cAnna-Alexandra Marhold
250 _a1st paperback ed
260 _aCambridge [etc.]
_bCambridge University Press
_c2023
300 _aXXXVII, 316 p.
_c23 cm
490 1 _aCambridge international trade and economic law
500 _aÍndices
504 _aBibliografía: p. 284-303
520 3 _aEn el contexto de los mercados energéticos que han cambiado radicalmente en las últimas décadas, este libro ofrece un estudio en profundidad de la regulación energética en el derecho comercial internacional. El autor busca aclarar lo que definimos como "energía" en el contexto de las reglas comerciales internacionales aplicables y brinda al lector un análisis exhaustivo de los conceptos, la historia y el derecho de los diversos marcos legales que sustentan el comercio internacional de energía. Además, varios estudios de caso abordan la búsqueda actual de seguridad energética y muestran cómo las reglas existentes se relacionan con algunos de los vastos desafíos que enfrentan los mercados energéticos hoy en día, en particular la descentralización y descarbonización de los mercados energéticos.
541 _cCompra
650 4 _aenergía
_927749
650 4 _arecursos energéticos
_928720
650 4 _acomercio internacional
_927958
650 4 _apolítica de comercio internacional
_927989
650 4 _apolítica energética
_929399
650 4 _aenergía renovable
_930979
650 4 _acambio climático
_930961
650 4 _adesarrollo sostenible
_930785
650 4 _areforma legislativa
_929892
650 4 _aderecho internacional
_926684
650 4 _arégimen jurídico
_929894
653 1 0 _aIndustria-Energía
710 2 _91710
_aCambridge University
_eed.
830 0 _940761
_aCambridge international trade and economic law
902 _aLIB Libro
942 _2CES
_cBK
_h5.2.
999 _c52865
_d52865